| 000 | 00000nam##2200000za#4500 |
| 001 | 9.597914 |
| 003 | CaOODSP |
| 005 | 20210624204259 |
| 007 | cr ||||||||||| |
| 008 | 150406|2005||||xxc|||||o f|0| 0 fre|d |
| 040 | |aCaOODSP|bfre |
| 043 | |an-cn--- |
| 086 | 1 |aTU3-5/05-13F-PDF |
| 110 | 2 |aBureau de la sécurité des transports du Canada. |
| 245 | 10|aBasculement sur un plan d'eau miroitant de l'hélicoptère Bell Helicopter 206B C-GCQT exploité par Far West Helicopters au lac Devils (Colombie-Britannique), le 26 octobre 2005 |h[ressource électronique] |
| 260 | |aGatineau - Québec : |bBureau de la sécurité des transports du Canada |c[2006]. |
| 300 | |a5p. |
| 490 | 1 |aRapport d'enquête aéronautique |vA05P0262 |
| 590 | |a10-05-Supp|b2010-07-20 |
| 691 | 07|aAccident d'avion|2gcpds |
| 775 | 08|tHelicopter roll-over - glassy water - Far West Helicopters Bell Helicopter 206B C-GCQT, Devils Lake, British Columbia, 26 October 2005 |w(CaOODSP)9.566430 |
| 830 | #0|aRapport d'enquête aéronautique ;|vA05P0262|w(CaOODSP)9.501229 |
| 856 | 40|ahttp://publications.gc.ca|qPDF|s82 Ko|uhttps://publications.gc.ca/collections/collection_2009/bst-tsb/TU3-5-05-13F.pdf|yA05P0262 |